| 000 | 00832cem a22002175a 4500 | ||
|---|---|---|---|
| 001 | L140371 | ||
| 008 | 070920r19831682xxk a 0 f eng u | ||
| 035 | _a(Sirsi) u140371 | ||
| 041 | 0 | _aeng | |
| 110 | 2 |
_aLondon Topographical Society _9106 |
|
| 245 | 0 | 4 |
_aThe Tower of London 1682 _h[cartographic material] |
| 250 | _aFacsim. | ||
| 255 | _aScale 1:750 | ||
| 260 |
_aLondon _bLondon Topographical Society _c1983 |
||
| 300 |
_a1 map _bcol. _c63 x 62 cm. + _e1 sheet (27 cm.) |
||
| 500 | _aItem is accompanied by a sheet of notes by Geoffrey Parnell. | ||
| 500 | _aItem is a facsimile of the original of 1682. It is reproduced by permission of the Master of the Armouries, H. M. Tower of London. | ||
| 651 | 4 | _aLondon | |
| 690 | _aENVIRONMENTAL AND LAND CONSULTANCY-GEOMATICS-MAPPING AND POSITIONING-CARTOGRAPHY | ||
| 942 | _n0 | ||
| 999 |
_c116853 _d116853 |
||